|
|
|
|
| LEADER |
01159nam a2200253 i 4500 |
| 003 |
GR-PaULI |
| 005 |
20220412140804.0 |
| 008 |
210618s1982 gr a|||g |||| 000 0 gre d |
| 952 |
|
|
|0 0
|1 0
|2 ddc
|4 0
|6 843_912000000000000_BRE
|7 0
|9 326085
|a LISP
|b LISP
|c DON
|d 2021-06-18
|e ΠΑΤ
|i 146300
|l 0
|o 843.912 BRE
|p 025000272598
|r 2021-06-18 00:00:00
|t 1
|w 2021-06-18
|y BKN
|
| 999 |
|
|
|c 183037
|d 183037
|
| 040 |
|
|
|a GR-PaULI
|b gre
|c GR-PaULI
|e AACR2
|
| 041 |
1 |
|
|a gre
|h fre
|
| 082 |
0 |
4 |
|2 23
|a 843.912
|
| 100 |
1 |
|
|a Breton, Andre,
|d 1896-1966
|e συγγραφέας.
|9 26481
|
| 245 |
1 |
3 |
|a Τα μαγνητικά πεδία /
|c Αντρέ Μπρετόν, Φιλίπ Σουπώ ; μετάφραση Λύδια Κουβάτσου.
|
| 260 |
|
|
|a [Αθήνα] :
|b Αιγόκερως,
|c 1982.
|
| 300 |
|
|
|a 104 σ. ;
|c 21 εκ.
|
| 490 |
1 |
|
|a Λογοτεχνία / Αιγόκερως
|
| 700 |
1 |
|
|9 135878
|a Κουβάτσου, Λύδια
|e μεταφράστρια.
|
| 700 |
1 |
|
|9 186458
|a Soupault,Philippe,
|d 1897-1990
|
| 765 |
0 |
8 |
|i Μετάφραση του:
|t Les champs magnetiques
|
| 830 |
|
0 |
|9 161349
|a Λογοτεχνία (Αιγόκερως)
|
| 942 |
|
|
|2 ddc
|c BKN
|
| 998 |
|
|
|c ΒΑΣΙΛΕΙΟΥ
|d 2021-06
|